LEADER 01658nam a2200349 a 4500 001 000000133068 003 CaOOAMICUS 005 20130311113340.0 008 130311s2012 it u000 u ita r 020 $a978-88-13-31509-2 (v. 1-2) 040 $aPUL$bita 082 04$a346.4503 245 00$aTrattato della responsabilità civile /$cdiretto da Pasquale Stanzione. 260 $aPadova :$bCEDAM,$c2012. 300 $a2 v. ;$c25 cm 504 $aInclude riferimenti bibliografici. 505 0 $aV. 1. Responsabilità contrattuale. -- v. 2. Responsabilità extracontrattuale. 650 4$aResponsabilità civile.$0(OLS)http://pul/subject/17546 700 1 $aStanzione, Pasquale.$0(OLS)http://pul/name/37178 740 02$aResponsabilità contrattuale. 740 02$aResponsabilità extracontrattuale. 850 $aPUL 852 $aPUL$W1$xSL Diritto e Scienze Sociali 3$y79$m346. 4503 STAPA 1.1$j152995$av. 1$qDDC 21$B152491$CPULBib$Z2$F152491 $H121779 $82 852 $aPUL$W1$xSL Diritto e Scienze Sociali 3$y79$m346. 4503 STAPA 1.2$j152996$av. 2$qDDC 21$B152492$CPULBib$Z2$F152492 $H121780 $82 941 1 $a9 996 $6020$a978-88-13-31509-2 (v. 1-2)$9(OLS)http://pul/number/152038 996 $6082$a346.4503$9(OLS)http://pul/classification/455 996 $6740$aResponsabilità extracontrattuale$9(OLS)http://pul/title/168132 996 $6245$aTrattato della responsabilità civile$9(OLS)http://pul/title/168130 996 $6740$aResponsabilità contrattuale$9(OLS)http://pul/title/168131 996 $6260$aPadova :$bCEDAM$9(OLS)http://pul/publisher/48126 LEADER 01523nam a2200325 a 4500 001 000000133171 003 CaOOAMICUS 005 20130314102339.0 008 130314s2008 uk u000 u eng r 020 $z9781845401214* 040 $aPUL$bita 082 04$a230.01 100 1 $aAnscombe, G.E.M.$0(OLS)http://pul/name/44568 245 10$aFaith in a hard ground :$bessays on religion, philosophy, and ethics /$cby G.E.M. Anscombe ; edited by Mary Geach and Luke Gormally. 260 $aExeter, U.K. ; ;$aCharlottesville, Va. :$bImprint Academic,$c©2008. 300 $axxvi, 273 p. ;$c21 cm 490 1 $aSt. Andrews studies in philosophy and public affairs 500 $aInclude indice. 650 4$aReligione e filosofia.$0(OLS)http://pul/subject/22992 700 1 $aGeach, Mary.$0(OLS)http://pul/name/85823 700 1 $aGormally, Luke.$0(OLS)http://pul/name/53097 830 0$aSt. Andrews studies in philosophy and public affairs.$0(OLS)http://pul/title/168272 850 $aPUL 852 $aPUL$W1$xSL Religione 3$y85$m230. 01 GEAMA 1$j153109$qDDC 21$B152605$CPULBib$Z2$F152605 $H121939 $82 941 1 $a9 996 $6020$z9781845401214*$9(OLS)http://pul/number/152144 996 $6082$a230.01$9(OLS)http://pul/classification/1840 996 $6245$aFaith in a hard ground :$bessays on religion, philosophy, and ethics$9(OLS)http://pul/title/168273 996 $6260$aExeter, U.K. ;$aCharlottesville, Va. :$bImprint Academic$9(OLS)http://pul/publisher/82308